Normal view MARC view
  • Cobo Romaní, Cristobal,

Entry Nombre Personal

Number of records used in: 1

001 - NUMERO DE CONTROL

  • campo de control: 52756

003 - IDENTIFICADOR DE NUMERO DE CONTROL

  • campo de control: MX-MxUPN

005 - FECHA Y HORA DE LA ÜLTIMA TRANSACCIÓN

  • campo de control: 20240711221538.0

008 - DATOS DE LONGITUD FIJA

  • campo de control de longitud fija: 240711|| aca||aabn | aaa d

010 ## - NÚMERO DE CONTROL DE LA BIBLIOTECA DEL CONGRESO

  • Número de control LC: no2009201477

035 ## - NUMERO DE CONTROL

  • Número de control: (OCoLC)oca08338443

035 ## - NUMERO DE CONTROL

  • Número de control: (CaEvSKY)skya9058286

040 ## - FUENTE DE CATALOGACIÓN

  • Agencia original de catalogación: NjP
  • Lenguaje de catalogación: spa
  • Agencia de transcripción: NjP
  • Agencia que lo modifica: MX-CmFLC
  • Agencia que lo modifica: OCoLC
  • Agencia que lo modifica: DLC
  • Agencia que lo modifica: MX-MxUPN

046 ## - FECHAS CON CODIFICACIÓN ESPECIAL

  • Fecha de nacimiento: 19760319

100 1# - ENCABEZAMIENTO - NOMBRE PERSONAL

  • Nombre personal: Cobo Romaní, Cristobal,
  • Fechas asociadas con el nombre: 1976-

670 ## - FUENTE EN LA QUE SE LOCALIZARON DATOS

  • Cita de la fuente: Autoridades LC, 11 julio 2024 :
  • Información localizada: (Cobo Romaní, Cristobal)
  • Uniform Resource Identifier: https://lccn.loc.gov/no2009201477

902 ## - CATALOGADOR

  • Catalogador: MaríaRobles/110724